| 000 | 00623nam a22002297a 4500 | ||
|---|---|---|---|
| 003 | OSt | ||
| 005 | 20140310182255.0 | ||
| 008 | 121116t xxu||||| |||| 00| 0 eng d | ||
| 020 | _a0708819737 | ||
| 050 |
_aPR 6054 _b.D287 1981 |
||
| 082 |
_aFIC _bD35s 1980 |
||
| 100 |
_ade Borchgrave, Arnaud _920325 |
||
| 245 |
_aThe Spike _cArnaud de Borchgrave & Robert Moss |
||
| 260 |
_aLondon : _bMacdonald Futura Publishers, _cc1981. |
||
| 300 |
_a477 p. : _c18 cm. |
||
| 541 | _j1 | ||
| 562 | _e1 | ||
| 650 |
_aFiction _9746 |
||
| 650 |
_aMoss, Robert _920326 |
||
| 650 |
_aFiction _9746 |
||
| 942 |
_2lcc _cBK-FIC |
||
| 999 |
_c11467 _d11467 |
||